000 00469nam a2200169 a 4500
001 16025
005 20180713204836.0
008 140415s1991 000 0 spa d
020 _a9682444411
041 _aspa
082 _a153
_bSAN
100 1 _aSANCHEZ, MARGARITA A. DE
245 1 0 _aDESARROLLO DE HABILIDADES DEL PENSAMIENTO :
_bCREATIVIDAD
260 _a[s.l.] :
_bTRILLAS,
_c1991
300 _a200
650 1 4 _aCOGNICION
_xHABILIDAD CREADORA
999 _c16025
_d16025